| 000 | 00557nam a22001457a 4500 | ||
|---|---|---|---|
| 008 | 230420b |||||||| |||| 00| 0 eng d | ||
| 040 |
_aNational Science Library _cNational Science Library |
||
| 080 |
_a5/6(063) _bK2 |
||
| 245 |
_aProceedings of conference on science and industry the problem of communication _c/Her Majesty's Stationery Office, 18-19 April 1961, Brangwyn Hall Swansea |
||
| 260 |
_aLondon: _bHer Majesty's Stationery Office, _c1962 |
||
| 300 | _av, 112p. | ||
| 650 | _aCommunication | ||
| 653 | _aScience industry | ||
| 942 |
_2udc _cPR |
||
| 999 |
_c21602 _d21602 |
||